<?xml version="1.0" encoding="UTF-8"?>
<record
    xmlns:xsi="http://www.w3.org/2001/XMLSchema-instance"
    xsi:schemaLocation="http://www.loc.gov/MARC21/slim http://www.loc.gov/standards/marcxml/schema/MARC21slim.xsd"
    xmlns="http://www.loc.gov/MARC21/slim">

  <leader>02294nam a2200253 a 4500</leader>
  <controlfield tag="001">000024764</controlfield>
  <controlfield tag="005">20250714091949.0</controlfield>
  <controlfield tag="008">110203s1995    sp      r     000 | spa d</controlfield>
  <datafield tag="020" ind1=" " ind2=" ">
    <subfield code="a">9686101454</subfield>
  </datafield>
  <datafield tag="040" ind1=" " ind2=" ">
    <subfield code="a">DO-SdBNP</subfield>
    <subfield code="b">spa</subfield>
    <subfield code="c">BNPHU</subfield>
  </datafield>
  <datafield tag="245" ind1="0" ind2="0">
    <subfield code="a">Campo acad&#xE9;mico de la comunicaci&#xF3;n :</subfield>
    <subfield code="b">hacia una reconstrucci&#xF3;n reflexiva /</subfield>
    <subfield code="c">coordinadores Jes&#xFA;s Galindo y Carlos Luna.</subfield>
  </datafield>
  <datafield tag="260" ind1=" " ind2=" ">
    <subfield code="a">M&#xE9;xico, D. F. :</subfield>
    <subfield code="b">Instituto Tecnol&#xF3;gico y de Estudios Superiores de Occidente,</subfield>
    <subfield code="c">1995.</subfield>
  </datafield>
  <datafield tag="300" ind1=" " ind2=" ">
    <subfield code="a">326 p. ;</subfield>
    <subfield code="c">21 cm.</subfield>
  </datafield>
  <datafield tag="490" ind1="1" ind2=" ">
    <subfield code="a">Pensar la Cultura</subfield>
  </datafield>
  <datafield tag="505" ind1="0" ind2=" ">
    <subfield code="t">Presentaci&#xF3;n</subfield>
    <subfield code="t">La institucionalizaci&#xF3;n acad&#xE9;mica de las ciencias de la comunicaci&#xF3;n: campos, disciplina, profesiones /</subfield>
    <subfield code="r">Ra&#xFA;l Fuentes Navarro</subfield>
    <subfield code="t">La investigaci&#xF3;n de la comunicaci&#xF3;n en tiempos neoliberales. Nuevos retos y posibilidades /</subfield>
    <subfield code="r">Enrique E. S&#xE1;nchez Ruiz</subfield>
    <subfield code="t">La comunicaci&#xF3;n percibida. El campo acad&#xE9;mico de la comunicaci&#xF3;n /</subfield>
    <subfield code="r">Jes&#xFA;s Galindo C&#xE1;ceres</subfield>
    <subfield code="t">Pensar la ciudad desde la comunicaci&#xF3;n. Un ejercicio necesario /</subfield>
    <subfield code="r">Rossana Reguillo</subfield>
    <subfield code="t">Ense&#xF1;anza de la comunicaci&#xF3;n: tensiones y desencuentros /</subfield>
    <subfield code="r">Carlos E. Luna Cort&#xE9;s</subfield>
    <subfield code="t">El humanismo en las escuelas de comunicaci&#xF3;n y el saber filos&#xF3;fico /</subfield>
    <subfield code="r">Francisco Prieto</subfield>
    <subfield code="t">Eros, ethos y pathos acad&#xE9;micos. Acercamiento impresionista a algunas de las dimensiones de la relaci&#xF3;n maestro-alumno en las escuelas de comunicaci&#xF3;n /</subfield>
    <subfield code="r">&#xC1;ngela Mar&#xED;a Godoy Fajardo</subfield>
    <subfield code="t">Ense&#xF1;anza profesional de la comunicaci&#xF3;n: estrategias curriculares de la comunicaci&#xF3;n y mediaciones metodolog&#xED;as /</subfield>
    <subfield code="r">Carlos E. Luna Cort&#xE9;s</subfield>
    <subfield code="t">Mercado ocupacional y el profesional de la comunicaci&#xF3;n /</subfield>
    <subfield code="r">Margarita Reyna Ruiz</subfield>
    <subfield code="t">Desaf&#xED;os pedag&#xF3;gicos de la formaci&#xF3;n profesional del comunicador: modernizaci&#xF3;n y democracia /</subfield>
    <subfield code="r">Guillermo Orozco G&#xF3;mez</subfield>
    <subfield code="t">La comunicaci&#xF3;n como mentalidad y como forma de vida. Juego de saberes y sentidos sobre lo humano y lo social /</subfield>
    <subfield code="r">Jes&#xFA;s Galindo C&#xE1;ceres</subfield>
    <subfield code="t">Anexo. Bibliograf&#xED;a general del campo acad&#xE9;mico de la comunicaci&#xF3;n en M&#xE9;xico (1986-1994) /</subfield>
    <subfield code="r">Ra&#xFA;l Fuentes Navarro</subfield>
  </datafield>
  <datafield tag="650" ind1=" " ind2="0">
    <subfield code="a">Socialismo</subfield>
    <subfield code="9">287</subfield>
  </datafield>
  <datafield tag="650" ind1=" " ind2="4">
    <subfield code="a">Nacional socialismo</subfield>
    <subfield code="9">50815</subfield>
  </datafield>
  <datafield tag="650" ind1=" " ind2="4">
    <subfield code="a">Comunismo</subfield>
    <subfield code="9">2880</subfield>
  </datafield>
  <datafield tag="650" ind1=" " ind2="0">
    <subfield code="a">Sindicalismo</subfield>
    <subfield code="9">7274</subfield>
  </datafield>
  <datafield tag="650" ind1=" " ind2="4">
    <subfield code="a">Sistemas econ&#xF3;micos</subfield>
    <subfield code="9">7422</subfield>
  </datafield>
  <datafield tag="700" ind1="1" ind2=" ">
    <subfield code="a">Galindo, Jes&#xFA;s</subfield>
    <subfield code="9">50816</subfield>
  </datafield>
  <datafield tag="700" ind1="1" ind2=" ">
    <subfield code="a">Luna, Carlos</subfield>
    <subfield code="9">50817</subfield>
  </datafield>
  <datafield tag="710" ind1="2" ind2=" ">
    <subfield code="a">Consejo Nacional para la Cultura y las Artes</subfield>
    <subfield code="9">47134</subfield>
  </datafield>
  <datafield tag="952" ind1=" " ind2=" ">
    <subfield code="0">0</subfield>
    <subfield code="1">0</subfield>
    <subfield code="5">0</subfield>
    <subfield code="7">1</subfield>
    <subfield code="8">MO</subfield>
    <subfield code="a">GR</subfield>
    <subfield code="b">GR</subfield>
    <subfield code="c">HD</subfield>
    <subfield code="d">2011-02-03</subfield>
    <subfield code="i">LF1</subfield>
    <subfield code="l">0</subfield>
    <subfield code="o"> </subfield>
    <subfield code="p">24764-10</subfield>
    <subfield code="r">2020-06-25</subfield>
    <subfield code="w">2020-06-25</subfield>
    <subfield code="y">1</subfield>
    <subfield code="Z">No se presta</subfield>
  </datafield>
  <datafield tag="952" ind1=" " ind2=" ">
    <subfield code="0">0</subfield>
    <subfield code="1">0</subfield>
    <subfield code="5">0</subfield>
    <subfield code="7">-1</subfield>
    <subfield code="8">MO</subfield>
    <subfield code="a">GR</subfield>
    <subfield code="b">GR</subfield>
    <subfield code="c">OI</subfield>
    <subfield code="d">2017-05-29</subfield>
    <subfield code="i">LF1</subfield>
    <subfield code="l">0</subfield>
    <subfield code="o"> </subfield>
    <subfield code="p">24764-20</subfield>
    <subfield code="r">2020-06-25</subfield>
    <subfield code="w">2020-06-25</subfield>
    <subfield code="y">1</subfield>
    <subfield code="Z">No se presta</subfield>
  </datafield>
  <datafield tag="999" ind1=" " ind2=" ">
    <subfield code="c">24257</subfield>
    <subfield code="d">24257</subfield>
  </datafield>
</record>
